With lawrence in arabia (Record no. 552819)

000 -LEADER
fixed length control field 00323nam a22001217a 4500
082 ## - DEWEY DECIMAL CLASSIFICATION NUMBER
Classification number 953.8
Author Mark THO
-- D
100 ## - MAIN ENTRY--PERSONAL NAME
Personal name Thomas, Lowell
9 (RLIN) 49768
245 ## - TITLE STATEMENT
Title With lawrence in arabia
260 ## - PUBLICATION, DISTRIBUTION, ETC.
Place of publication, distribution, etc. London,
Name of publisher, distributor, etc. Hutchinson & Co,
300 ## - PHYSICAL DESCRIPTION
Extent viii, 317p.
Other physical details ill.
Dimensions 28cm.
526 ## - STUDY PROGRAM INFORMATION NOTE
Program name 0
Interest level 0
Reading level 0
Title point value 953_800000000000000_THO
942 ## - ADDED ENTRY ELEMENTS (KOHA)
Source of classification or shelving scheme
Koha item type Book
Holdings
Withdrawn status Lost status Source of classification or shelving scheme Damaged status Not for loan Permanent Location Current Location Shelving location Date acquired Total Checkouts Full call number Barcode Date last seen Price effective from Koha item type
          Military College of Engineering (MCE) Military College of Engineering (MCE)   01/22/2015   953.8 THO MCE-ECW/2.0 01/22/2015 01/22/2015 Book
© 2023 Central Library, National University of Sciences and Technology. All Rights Reserved.